000
00490nam a2200145Ia 4500
008
100122s9999 xx 000 0 und d
082
_b
21786
_a
615.89
100
_a
ऐनापुरे वासुदेव
245
_a
नित्योपयोगी औषधे
260
_b
उद्यम प्रकाशन
_c
1973
300
_a
152
630
_a
नित्योपयोगी औषधे
730
_a
नित्योपयोगी औषधे
942
_c
BOOK
999
_c
409741
_d
409738